|
|
|
|
| LEADER |
01882nam a2200445 i 4500 |
| 001 |
EBC4866619 |
| 003 |
MiAaPQ |
| 005 |
20200520144314.0 |
| 006 |
m o d | |
| 007 |
cr cnu|||||||| |
| 008 |
170626t20172017gw ob 001 0 ger d |
| 020 |
|
|
|z 9783110492033
|
| 020 |
|
|
|a 9783110494068
|q (electronic bk.)
|
| 020 |
|
|
|a 9783110491593
|q (electronic bk.)
|
| 035 |
|
|
|a (MiAaPQ)EBC4866619
|
| 035 |
|
|
|a (Au-PeEL)EBL4866619
|
| 035 |
|
|
|a (CaPaEBR)ebr11390717
|
| 035 |
|
|
|a (OCoLC)988766839
|
| 040 |
|
|
|a MiAaPQ
|b eng
|e rda
|e pn
|c MiAaPQ
|d MiAaPQ
|
| 050 |
|
4 |
|a Z286.O63
|b .P739 2017
|
| 082 |
0 |
|
|a 070.57973
|2 23
|
| 245 |
0 |
0 |
|a Praxishandbuch Open Access /
|c herausgegeben von Konstanze Sollner und Bernhard Mittermaier.
|
| 264 |
|
1 |
|a Berlin, [Germany] ;
|a Boston, [Massachusetts] :
|b De Gruyter Saur,
|c 2017.
|
| 264 |
|
4 |
|c 2017
|
| 300 |
|
|
|a 1 online resource (364 pages).
|
| 336 |
|
|
|a text
|2 rdacontent
|
| 337 |
|
|
|a computer
|2 rdamedia
|
| 338 |
|
|
|a online resource
|2 rdacarrier
|
| 490 |
1 |
|
|a De Gruyter Praxishandbuch
|
| 504 |
|
|
|a Includes bibliographical references and index.
|
| 588 |
|
|
|a Description based on online resource; title from PDF title page (ebrary, viewed June 26, 2017).
|
| 590 |
|
|
|a Electronic reproduction. Ann Arbor, MI : ProQuest, 2016. Available via World Wide Web. Access may be limited to ProQuest affiliated libraries.
|
| 650 |
|
0 |
|a Open access publishing.
|
| 655 |
|
4 |
|a Electronic books.
|
| 700 |
1 |
|
|a Mittermaier, Bernhard,
|e editor.
|
| 700 |
1 |
|
|a Sollner, Konstanze,
|e editor.
|
| 776 |
0 |
8 |
|i Print version:
|t Praxishandbuch Open Access.
|d Berlin, [Germany] ; Boston, [Massachusetts] : De Gruyter Saur, c2017
|h 354 pages
|k De Gruyter Praxishandbuch.
|z 9783110492033
|
| 797 |
2 |
|
|a ProQuest (Firm)
|
| 830 |
|
0 |
|a De Gruyter Praxishandbuch.
|
| 856 |
4 |
0 |
|u https://ebookcentral.proquest.com/lib/matrademy/detail.action?docID=4866619
|z Click to View
|